00695nam a2200217 450000100060000000300080000600500170001400800390003103500190007004000270008904100080011608200220012410000310014624500850017726000300026230000260029249000400031850400360035861000350039465100480042927819BD-RjUL20211209051215.0140327s1965 nyu b 001 0 eng a(BD-RjUL)27898 aDLCcDLCdBD-RjULbeng aeng00a956.101bRAY 19651 aRamsaur, Ernest Edmondson.14aThe Young Turks :bprelude to the revolution of 1908 /cErnest Edmondson Ramsaur aBeirut :bKhayats,c1965. axii, 180 p. ;c23 cm. aKhayats Oriental Reprints vno : 12 aInclude bibliography and index.20aİttihat ve Terakki Cemiyeti. 0aTurkeyxPolitics and governmenty1878-1909.